Dimensions, embeddings, and attractors / (رقم التسجيلة. 22292)
[ عرض عادي ]
| 000 -الفاتح | |
|---|---|
| حقل البيانات ثابتة الطول | 03125cam a22003614a 4500 |
| 001 - رقم الضبط | |
| رقم الضبط | 16488986 |
| 003 - محدد رقم الضبط | |
| رقم الضبط | OSt |
| 005 - وقت وتاريخ اخر تعامل مع التسجيلة | |
| رقم الضبط | 20150408114025.0 |
| 008 - عناصر البيانات ثابتة الطول - معلومات عامة | |
| حقل البيانات ثابتة الطول | 101004t20112011enka b 001 0 eng |
| 010 ## - رقم ضبط مكتبة الكونجرس | |
| رقم ضبط مكتبة الكونجرس | 2010042726 |
| 020 ## - الرقم الدولى المعيارى للكتب | |
| الرقم الدولى المعيارى للكتاب | 9780521898058 (hardback) |
| 020 ## - الرقم الدولى المعيارى للكتب | |
| الرقم الدولى المعيارى للكتاب | 0521898056 (hardback) |
| 035 ## - رقم ضبط النظام | |
| رقم ضبط النظام | (OCoLC)ocn676062809 |
| 040 ## - مصدر الفهرسة | |
| وكالة الفهرسة الأصلية | DLC |
| قواعد الوصف | rda |
| وكالة النسخ | DLC |
| وكالة التعديل | YDX |
| -- | NUI |
| -- | YDXCP |
| -- | CDX |
| -- | BWX |
| -- | UMS |
| -- | IXA |
| -- | DLC |
| 042 ## - رمز التحقق | |
| رمز التحقق | pcc |
| 050 00 - رقم طلب مكتبة الكونجرس | |
| رقم التصنيف | QA611.3 |
| رقم المادة | .R63 2011 |
| 082 00 - رقم تصنيف ديوى العشرى | |
| رقم التصنيف | 515.39 |
| رقم الطبعة | 22 |
| 100 1# - المدخل الرئيسى - إسم شخصى | |
| الإسم الشخصى | Robinson, James C. |
| الشكل الأكمل للاسم | (James Cooper), |
| التواريخ المصاحبة للاسم | 1969- |
| 9 (RLIN) | 14532 |
| 245 10 - بيان العنوان | |
| العنوان | Dimensions, embeddings, and attractors / |
| بيان المسئوليه,etc | James C. Robinson. |
| 260 ## - PUBLICATION, DISTRIBUTION, ETC. (IMPRINT) | |
| مكان الناشر او الموزع | Cambridge : |
| اسم الناشر او الموزع | Cambridge University Press, |
| تاريخ النشر أو التوزيع | 2011, p3s2011. |
| 300 ## - الوصف المادى | |
| التعداد | xii, 205 pages : |
| تفاصيل ماديه اخرى للوعاء | illustrations ; |
| أبعاد الوعاء | 24 cm. |
| 490 1# - بيان السلسلة | |
| عنوان السلسلة | Cambridge Tracts in Mathematics ; |
| رقم المجلد/ التعيين التسلسلي | 186 |
| 504 ## - تبصرة ببليوجرافية | |
| تبصرة ببليوجرافية,الخ | Includes bibliographical references (p. 196-201) and index. |
| 505 0# - تبصرة محتويات-الفهرس | |
| تبصرة المحتويات المصاغة | Finite-dimensional sets. Lebesgue covering dimension -- Hausdorff measure and Hausdorff dimension -- Box-counting dimension -- An embedding theorem for subsets of RN -- Prevalence, probe spaces, and a crucial inequality -- Embedding sets with dH(X-X) finite -- Thickness exponents -- Embedding sets of finite box-counting dimension -- Assouad dimension -- Finite-dimensional attractors. Partial differential equations and nonlinear semigroups -- Attracting sets in infinite-dimensional systems -- Bounding the box-counting dimension of attractors -- Thickness exponents of attractors -- The Takens time-delay embedding theorem -- Parametrisation of attractors via point values. |
| 520 ## - التبصرة الخاصة بالتعليق أو التلخيص | |
| ملخص,الخ | "This accessible research monograph investigates how 'finite-dimensional' sets can be embedded into finite-dimensional Euclidean spaces. The first part brings together a number of abstract embedding results, and provides a unified treatment of four definitions of dimension that arise in disparate fields: Lebesgue covering dimension (from classical 'dimension theory'), Hausdorff dimension (from geometric measure theory), upper box-counting dimension (from dynamical systems), and Assouad dimension (from the theory of metric spaces). These abstract embedding results are applied in the second part of the book to the finite-dimensional global attractors that arise in certain infinite-dimensional dynamical systems, deducing practical consequences from the existence of such attractors: a version of the Takens time-delay embedding theorem valid in spatially extended systems, and a result on parametrisation by point values. This book will appeal to all researchers with an interest in dimension theory, particularly those working in dynamical systems"-- |
| 650 #0 - المدخل الاضافى بالموضوع-مصطلح موضوعى | |
| مصطلح موضوعي أو اسم جغرافي كعنصر مدخل | Dimension theory (Topology) |
| 9 (RLIN) | 14533 |
| 650 #0 - المدخل الاضافى بالموضوع-مصطلح موضوعى | |
| مصطلح موضوعي أو اسم جغرافي كعنصر مدخل | Attractors (Mathematics) |
| 9 (RLIN) | 8856 |
| 650 #0 - المدخل الاضافى بالموضوع-مصطلح موضوعى | |
| مصطلح موضوعي أو اسم جغرافي كعنصر مدخل | Topological imbeddings. |
| 9 (RLIN) | 14534 |
| 830 #0 - المدخل الاضافى بالسلسلة -عنوان موحد | |
| عنوان موحد | Cambridge tracts in mathematics ; |
| رقم المجلد/ التعيين التسلسلي | 186. |
| 9 (RLIN) | 14535 |
| 856 42 - الوصول و الموقع الالكترونى | |
| مواد محددة | Cover image |
| معرف المصدر الموحد | <a href="http://assets.cambridge.org/97805218/98058/cover/9780521898058.jpg">http://assets.cambridge.org/97805218/98058/cover/9780521898058.jpg</a> |
| 942 ## - عناصر المدخل الإضافي( كوها) | |
| مصدر التصنيف او مخطط الترفيف | Dewey Decimal Classification |
| Koha [default] item type | كتاب |
| حالة الفقد | نموذج السعر الفعال | حالة تلف | ليس للاعارة | رقم الطلب | تاريخ الاكتساب | الموقع الحالي | الباركود | الفرع الرئيسي | Date last seen | نوع المادة فى نظام كوها | مصدر التصنيف او خطة الترفيف | Total Checkouts |
|---|---|---|---|---|---|---|---|---|---|---|---|---|
| 2013-03-10 | 515.39 R J D | 2012-06-02 | مكتبة كلية التربية بالزلفى - طالبات (EZF) | 00087522 | مكتبة كلية التربية بالزلفى - طالبات (EZF) | 2013-03-10 | كتاب | Dewey Decimal Classification | ||||
| 2013-03-10 | 515.39 R J D | 2012-06-02 | مكتبة كلية التربية بالزلفى - طالبات (EZF) | 00087524 | مكتبة كلية التربية بالزلفى - طالبات (EZF) | 2013-03-10 | كتاب | Dewey Decimal Classification | ||||
| 2013-03-10 | 515.39 R J D | 2012-06-04 | مكتبة كلية التمريض - طالبات (CNF) | 00088192 | مكتبة كلية التمريض - طالبات (CNF) | 2013-03-10 | كتاب | Dewey Decimal Classification | ||||
| 2013-03-10 | 515.39 R J D | 2012-06-04 | مكتبة كلية التمريض - طالبات (CNF) | 00088193 | مكتبة كلية التمريض - طالبات (CNF) | 2013-03-10 | كتاب | Dewey Decimal Classification | ||||
| 2013-03-10 | 515.39 R J D | 2012-05-20 | مكتبة مجمع الطالبات بالمجمعة (EMF) | 00086509 | مكتبة مجمع الطالبات بالمجمعة (EMF) | 2013-03-10 | كتاب | Dewey Decimal Classification | ||||
| 2013-03-10 | 515.39 R J D | 2012-05-20 | مكتبة مجمع الطالبات بالمجمعة (EMF) | 00086510 | مكتبة مجمع الطالبات بالمجمعة (EMF) | 2013-03-10 | كتاب | Dewey Decimal Classification | ||||
| 2013-03-10 | 515.39 R J D | 2012-06-01 | مكتبة مجمع الكليات بالزلفى - طلاب (SZM) | 00086747 | مكتبة مجمع الكليات بالزلفى - طلاب (SZM) | 2013-03-10 | كتاب | Dewey Decimal Classification | ||||
| 2013-03-10 | 515.39 R J D | 2012-06-01 | مكتبة مجمع الكليات بالزلفى - طلاب (SZM) | 00086748 | مكتبة مجمع الكليات بالزلفى - طلاب (SZM) | 2013-03-10 | كتاب | Dewey Decimal Classification |
